000 00440nab a2200145Ia 4500
003 ES-SlBCS
005 20210601125448.0
008 140529s1980-81 xxu||||| |||| 00| 0 eng d
041 _aeng
100 1 _aShraeder, Douglas
_9158947
245 0 4 _aThe Evolutionary Development of Science
_c Douglas Shraeder
650 0 4 _aCiencia-Desarrollo
_9158948
773 0 _tReview of Methaphysics
_gvol. 34, 1980-81, págs. 273-296
_wRev843
942 _cAR
999 _c530737
_d530737